| 000 | 00355nam a22001457a 4500 | ||
|---|---|---|---|
| 008 | 210311b ||||| |||| 00| 0 eng d | ||
| 020 | _a0139142193 | ||
| 041 | _aeng | ||
| 080 |
_22nd _a159.9 |
||
| 082 | _a159.9 | ||
| 100 | _a48 | ||
| 101 | _aPSI | ||
| 245 |
_aTheories and Strategies in Counseling and Psychotherapy _cGilliland,B.E |
||
| 942 |
_2udc _cBK |
||
| 999 |
_c56312 _d56312 |
||